00528nam a2200193 a 4500001001300000003000900013005001700022008004100039020002300080082001900103100001900122245004300141260003300184300000900217500003500226505002400261650003000285700001900315nice12345678IN_TiNIC20260116014827.0050524s2002 dela grp 000 0 urd  a8187666 c35000a891.43909bAKH aAkhtar, Saleem aUrdu Adab Ki Mukhtasar Tareen Taareekh aDelhiowbKitabi Duniyac2002 a717p aincludes index and biblioraphy2 aBibliography, Index aUrdu-Literature-biography1 aAkhtar, Saleem